[Event "Lovfalds EMT 18th E"]
[Site "Ringsted"]
[Date "2004.09.19"]
[Round "6"]
[White "Suadicani, Stefan"]
[Black "Jorgensen, Harald"]
[Result "0-1"]
[WhiteElo "1100"]
[BlackElo "1100"]
[PlyCount "140"]
[EventDate "2004.09.17"]
[EventType "swiss"]
[EventRounds "7"]
[EventCountry "DEN"]
[SourceTitle "EXT 2023"]
[Source "ChessBase"]
[SourceDate "2022.10.05"]
[SourceVersion "1"]
[SourceVersionDate "2022.10.05"]
[SourceQuality "1"]

1. e4 e5 2. Nf3 Nc6 3. Bc4 h6 4. Nc3 Nf6 5. 0-0 Bb4 6. d3 0-0 7. Nd5 Be7 8. Be3 Ng4 9. c3 Nxe3 10. fxe3 Bc5 11. d4 Bd6 12. Qe1 a6 13. Qh4 Qxh4 14. Nxh4 b5 15. Bb3 Na5 16. Bc2 Nc4 17. b3 Nb6 18. Nf5 Nxd5 19. exd5 exd4 20. exd4 Bb7 21. Nxd6 cxd6 22. c4 Rac8 23. Bd3 Rfe8 24. Rf3 b4 25. Raf1 Rf8 26. Rg3 Rce8 27. Rf4 g6 28. h4 h5 29. Kf2 a5 30. Rg5 Kg7 31. Be2 Rh8 32. Rg3 Re7 33. Rgf3 Rf8 34. g4 Rh8 35. gxh5 Rxh5 36. Re3 Rxe3 37. Kxe3 Rh8 38. Kf3 Rh7 39. Kg3 f6 40. Rf2 Kf7 41. Rh2 f5 42. h5 gxh5 43. Rxh5 Rxh5 44. Bxh5+ Kf6 45. Kf4 Bc8 46. Be2 Bb7 47. Bd3 Ke7 48. Kxf5 Kf7 49. Ke4 Kf6 50. c5 Ke7 51. Bb5 dxc5 52. dxc5 Kd8 53. Ke5 Kc7 54. d6+ Kc8 55. Kd4 Bg2 56. Ke3 Kb7 57. Kd2 Bc6 58. Bxc6+ Kxc6 59. Kc2 Kxc5 60. Kd3 Kd5 61. Ke3 Kxd6 62. Kd4 Kc6 63. Kc4 d6 64. Kd4 d5 65. Kd3 Kc5 66. Ke3 Kd6 67. Kd4 Ke6 68. Ke3 Ke5 69. Kd3 d4 70. Kd2 Ke4 0-1

[Event "Lovfalds EMT 18th E"]
[Site "Ringsted"]
[Date "2004.09.17"]
[Round "1"]
[White "Jorgensen, Harald"]
[Black "Jorgensen, Valdemar"]
[Result "0-1"]
[WhiteElo "1100"]
[BlackElo "1200"]
[PlyCount "68"]
[EventDate "2004.09.17"]
[EventType "swiss"]
[EventRounds "7"]
[EventCountry "DEN"]
[SourceTitle "EXT 2023"]
[Source "ChessBase"]
[SourceDate "2022.10.05"]
[SourceVersion "1"]
[SourceVersionDate "2022.10.05"]
[SourceQuality "1"]

1. d4 d5 2. Nf3 c5 3. e3 cxd4 4. Bb5+ Bd7 5. Bxd7+ Nxd7 6. Qxd4 e6 7. 0-0 Ngf6 8. Ne5 Nxe5 9. Qxe5 Bd6 10. Qd4 0-0 11. Nc3 a6 12. Na4 Qc7 13. Qc3 Bxh2+ 14. Kh1 Qxc3 15. bxc3 Bd6 16. Bb2 b5 17. Nb6 Rab8 18. Nxd5 Nxd5 19. Rfd1 Be7 20. g3 Rbc8 21. Rd3 Bf6 22. Rb1 Nxc3 23. Bxc3 Rxc3 24. Rxc3 Bxc3 25. Rb3 b4 26. a3 a5 27. Kg1 h6 28. axb4 axb4 29. Kf1 Rd8 30. Ke2 Rd2+ 31. Ke1 Rxc2+ 32. Kf1 Rb2 33. Rxb2 Bxb2 34. Ke1 Bc3+ 0-1